| 000 | 00838nam a2200277Ia 4500 | ||
|---|---|---|---|
| 003 | OSt | ||
| 005 | 20221006142715.0 | ||
| 006 | a|||||r|||| 00| 0 | ||
| 007 | ta | ||
| 008 | 221006b |||||||| |||| 00| 0 eng d | ||
| 020 |
_a0887060617 _c455.40 |
||
| 024 | _a6,989 | ||
| 037 | _cTextual | ||
| 040 |
_aEASL _cEASL _beng |
||
| 041 |
_2eng _aeng |
||
| 082 | _aQ4:(A).42.N8, M5 | ||
| 100 |
_aSHANER David Edward _9648221 |
||
| 245 | 0 |
_aBodymind experience in Japanese Buddhism _b A phenomeological perspective of Kukai and Dogaen |
|
| 260 |
_aNew York _bState University of New _c1985 |
||
| 300 |
_a250p. _ccm. |
||
| 490 |
_v Gen _aSUNY Series in Buddhist Studies |
||
| 650 | _a Gen | ||
| 650 |
_aBuddhism-Japan _9600303 |
||
| 942 |
_hQ4:(A).42.N8, M5 _cTEXL _2CC |
||
| 999 |
_c1075075 _d1075075 |
||